MARC details
| 000 -LEADER |
| fixed length control field |
00807cab a22001935a 4500 |
| 001 - CONTROL NUMBER |
| control field |
L137595 |
| 008 - FIXED-LENGTH DATA ELEMENTS--GENERAL INFORMATION |
| fixed length control field |
070417e20070329xxk f 000 0 eng d |
| 035 ## - SYSTEM CONTROL NUMBER |
| System control number |
(Sirsi) u137595 |
| 041 0# - LANGUAGE CODE |
| Language code of text/sound track or separate title |
eng |
| 245 00 - TITLE STATEMENT |
| Title |
CDM 2007 |
| Remainder of title |
your responsibilities |
| 260 ## - PUBLICATION, DISTRIBUTION, ETC. |
| Date of publication, distribution, etc. |
2007 |
| 490 #0 - SERIES STATEMENT |
| Series statement |
New Civil Engineer |
| Volume/sequential designation |
29 March 2007, 24-25(2) |
| 520 ## - SUMMARY, ETC. |
| Summary, etc. |
Outlines the responsibilities of the client, CDM co-ordinator, designer and principal contractor under the new Construction (Design and Management) Regulations 2007. Looks at the concept phase, design phase, tender phase and construction phase. |
| 590 ## - LOCAL NOTE (RLIN) |
| Local note |
KA |
| 650 24 - SUBJECT ADDED ENTRY--TOPICAL TERM |
| Topical term or geographic name entry element |
CONSTRUCTION (DESIGN AND MANAGEMENT) REGULATIONS 2007 |
| 651 #4 - SUBJECT ADDED ENTRY--GEOGRAPHIC NAME |
| Geographic name |
Great Britain |
| Chronological subdivision |
1707- |
| 690 ## - LOCAL SUBJECT ADDED ENTRY--TOPICAL TERM (OCLC, RLIN) |
| Topical term or geographic name as entry element |
BUILT ENVIRONMENT-CONSTRUCTION MANAGEMENT-CONSTRUCTION DESIGN AND MANAGEMENT |
| 942 ## - ADDED ENTRY ELEMENTS (KOHA) |
| Suppress in OPAC |
0 |